[Event "U20ch-RUS"]
[Site "Cheboksary RUS"]
[Date "2006.03.02"]
[Round "1"]
[White "Savchenko,B"]
[Black "Iljin,A"]
[Result "1-0"]
[WhiteElo "2569"]
[BlackElo "2510"]
[EventDate "2006.03.02"]

1. e4 c6 2. d4 d5 3. f3 e6 4. Nc3 Nf6 5. Be3 Bb4 6. e5 Nfd7 7. a3 Bxc3+ 8.
bxc3 b6 9. f4 Ba6 10. Qg4 g6 11. Bd3 c5 12. Qd1 cxd4 13. cxd4 Qc8 14. Nf3
Nc6 15. O-O Ne7 16. a4 Bc4 17. Bc1 Qc6 18. Qe1 Bxd3 19. cxd3 h5 20. h3 Nb8
21. Ba3 Qd7 22. Rc1 Nbc6 23. g4 hxg4 24. hxg4 Qb7 25. Kf2 Kd7 26. Bxe7 Nxe7
27. Qb4 Rac8 28. Rh1 Qb8 29. Rxh8 Rxh8 30. Qb5+ Kd8 31. Ng5 Rf8 32. Nh7 Rh8
33. Nf6 Qb7 34. a5 1-0

[Event "U20ch-RUS"]
[Site "Cheboksary RUS"]
[Date "2006.03.02"]
[Round "1"]
[White "Vitiugov,N"]
[Black "Kharitonov,Alexandr"]
[Result "1-0"]
[WhiteElo "2573"]
[BlackElo "2535"]
[EventDate "2006.03.02"]

1. d4 d5 2. c4 c6 3. Nc3 Nf6 4. Nf3 e6 5. Bg5 h6 6. Bh4 Be7 7. e3 O-O 8.
Bd3 dxc4 9. Bxc4 b5 10. Bd3 Bb7 11. O-O Nbd7 12. Rc1 Rc8 13. a3 a5 14. Qb3
b4 15. Bxf6 gxf6 16. axb4 axb4 17. Ne2 c5 18. Nf4 f5 19. Be2 Qb6 20. d5 e5
21. d6 c4 22. Bxc4 Bxd6 23. Ng6 Nc5 24. Qd1 Rfd8 25. Nfh4 Bf8 26. Qh5 Qf6
27. Nxe5 Ne6 28. Nhf3 Rc5 29. Bxe6 Qxe6 30. Rxc5 Bxc5 31. Qh4 Be7 32. Qg3+
Kh7 33. Nd4 Qf6 34. Qf4 Rg8 35. g3 Bd6 36. Nd7 Qg6 37. Qxf5 1-0

[Event "U20ch-RUS"]
[Site "Cheboksary RUS"]
[Date "2006.03.02"]
[Round "1"]
[White "Khairullin,I"]
[Black "Safronov,A2"]
[Result "0-1"]
[WhiteElo "2533"]
[BlackElo "2314"]
[EventDate "2006.03.02"]

1. e4 e5 2. Nf3 Nf6 3. Nxe5 d6 4. Nf3 Nxe4 5. Nc3 Nxc3 6. dxc3 Be7 7. Be3
Nc6 8. Qd2 Ne5 9. O-O-O O-O 10. Kb1 a6 11. h4 Bg4 12. Be2 Qc8 13. h5 Re8
14. h6 g6 15. Nh2 Bxe2 16. Qxe2 Qe6 17. Rhe1 Qc4 18. Qd2 Qc6 19. f4 Nd7 20.
Bd4 Bh4 21. Rxe8+ Rxe8 22. Nf3 Bd8 23. b3 Nf6 24. c4 Ne4 25. Qd3 Ng3 26.
Bb2 Nf5 27. Nd4 Nxd4 28. Qxd4 f6 29. g3 Qe4 30. Qa7 Qf3 31. Rg1 c5 32. Qb8
Qc6 33. b4 Bb6 34. b5 axb5 35. cxb5 Qd7 0-1

[Event "U20ch-RUS"]
[Site "Cheboksary RUS"]
[Date "2006.03.02"]
[Round "1"]
[White "Grachev,B"]
[Black "Maletin,P"]
[Result "1/2-1/2"]
[WhiteElo "2510"]
[BlackElo "2538"]
[EventDate "2006.03.02"]

1. d4 Nf6 2. c4 e6 3. Nc3 Bb4 4. Qc2 d5 5. cxd5 Qxd5 6. Nf3 Qf5 7. Qxf5
exf5 8. Bd2 c6 9. a3 Bd6 10. b4 Ne4 11. e3 Be6 12. Bd3 Nxd2 13. Nxd2 Nd7
14. b5 Nb6 15. bxc6 bxc6 16. Ke2 Ke7 17. Rhc1 c5 18. Nb5 cxd4 19. Nxd4 g6
20. a4 Bd5 21. a5 Nd7 22. Rab1 Rhc8 23. e4 fxe4 24. Bxe4 Bxe4 25. Nxe4 Bc5
26. Nb5 f5 27. Nec3 a6 28. Nd5+ Kd8 29. Nbc3 Rab8 30. Na4 Rxb1 31. Rxb1 Bd6
32. Rb7 Rc2+ 33. Ke1 Nc5 34. Nxc5 Rxc5 35. Nf6 Re5+ 36. Kd1 Bc7 37. Nxh7
Bxa5 38. Ra7 Re1+ 39. Kc2 Re7 40. Ra8+ Kc7 41. Ra7+ Kd8 42. Ra8+ Kc7 43.
Rxa6 Bb6 44. Nf6 Re2+ 45. Kd3 Rxf2 46. Nd5+ Kc6 47. Rxb6+ Kxd5 48. Rxg6 Ke5
49. Ke3 Ra2 50. h4 Ra4 51. h5 Rh4 52. Rh6 Ra4 53. Kf3 Rf4+ 54. Kg3 Rg4+ 55.
Kh3 Rg5 56. g3 Ke4 57. Kg2 f4 58. Rg6 f3+ 59. Kf2 Rxh5 60. Re6+ Kf5 61. Ra6
Rh1 1/2-1/2

[Event "U20ch-RUS"]
[Site "Cheboksary RUS"]
[Date "2006.03.03"]
[Round "2"]
[White "Nepomniachtchi,I"]
[Black "Geller,J"]
[Result "1-0"]
[WhiteElo "2506"]
[BlackElo "2505"]
[EventDate "2006.03.02"]

1. e4 c5 2. Nf3 e6 3. d4 cxd4 4. Nxd4 a6 5. Bd3 Qc7 6. c4 Nf6 7. Nc3 Be7 8.
O-O O-O 9. Be3 d6 10. f4 Nbd7 11. g4 Nc5 12. g5 Nxd3 13. gxf6 Nxb2 14. Qe2
Bxf6 15. Qxb2 Qxc4 16. Rfd1 Qc5 17. e5 dxe5 18. Ne4 Qe7 19. Nc6 bxc6 20.
Bc5 Qe8 21. Nxf6+ gxf6 22. Qa3 Bb7 23. Kf2 h6 24. Rab1 Rd8 25. Bxf8 Qxf8
26. Qxf8+ Rxf8 27. Rxb7 exf4 28. Rg1+ Kh7 29. Kf3 e5 30. Ke4 1-0

[Event "U20ch-RUS"]
[Site "Cheboksary RUS"]
[Date "2006.03.03"]
[Round "2"]
[White "Iljin,A"]
[Black "Maletin,P"]
[Result "1/2-1/2"]
[WhiteElo "2510"]
[BlackElo "2538"]
[EventDate "2006.03.02"]

1. e4 c5 2. Nf3 Nc6 3. Bb5 g6 4. Bxc6 dxc6 5. d3 Bg7 6. h3 Nh6 7. Nh2 O-O
8. Qe2 f5 9. e5 Be6 10. f4 b5 11. Nd2 Qb6 12. Nb3 c4 13. Be3 Qc7 14. Nc5
Bd5 15. dxc4 Bxc4 16. Qf2 Nf7 17. Nf3 e6 18. b3 Bd5 19. O-O g5 20. Rac1
gxf4 21. Bxf4 Qe7 22. Qe3 b4 23. c4 bxc3 24. Rxc3 Kh8 25. Nd3 Rg8 26. Rc2
a5 27. Nb2 Qb4 28. Nc4 a4 29. Nb6 axb3 30. Nxd5 cxd5 31. axb3 Qe4 1/2-1/2

[Event "U20ch-RUS"]
[Site "Cheboksary RUS"]
[Date "2006.03.04"]
[Round "3"]
[White "Khairullin,I"]
[Black "Savchenko,B"]
[Result "1/2-1/2"]
[WhiteElo "2533"]
[BlackElo "2569"]
[EventDate "2006.03.02"]

1. e4 c5 2. Nf3 Nc6 3. d4 cxd4 4. Nxd4 g6 5. c4 Bg7 6. Be3 Nf6 7. Nc3 O-O
8. Be2 d6 9. O-O Bd7 10. f3 Nxd4 11. Bxd4 a5 12. Qd2 Bc6 13. b3 Nd7 14. Be3
Nc5 15. Rab1 Qb6 16. Rfc1 Rfc8 17. Rc2 h5 18. Kh1 Qd8 19. Bf1 Kh7 20. a3
Bd7 21. b4 axb4 22. axb4 Na4 23. Nd5 e6 24. Nf4 Be8 25. Rbc1 Qe7 26. Bd3 b5
27. cxb5 Rxc2 28. Qxc2 Nc3 29. b6 d5 30. Bc5 Qb7 31. Re1 Ra2 32. Qc1 dxe4
33. fxe4 Bc6 34. Qe3 Kg8 35. Bc4 Rc2 36. Bd3 Ra2 37. Bc4 Rc2 38. Bd3
1/2-1/2

[Event "U20ch-RUS"]
[Site "Cheboksary RUS"]
[Date "2006.03.04"]
[Round "3"]
[White "Geller,J"]
[Black "Safronov,A2"]
[Result "1/2-1/2"]
[WhiteElo "2505"]
[BlackElo "2314"]
[EventDate "2006.03.02"]

1. e4 e5 2. Nf3 Nf6 3. d4 Nxe4 4. Bd3 d5 5. Nxe5 Nd7 6. Nxd7 Bxd7 7. O-O
Bd6 8. Nc3 Nxc3 9. bxc3 O-O 10. Qh5 f5 11. Re1 Be8 12. Qf3 c6 13. Bf4 Qc7
14. Bxd6 Qxd6 15. Re5 Bd7 16. Rae1 Rf6 17. Qf4 Raf8 18. c4 dxc4 19. Bxc4+
Kh8 20. Bb3 b5 21. c3 a5 22. Qg5 a4 23. Bd1 Be6 24. Qd2 Bd5 25. Bf3 Bxf3
26. gxf3 h6 27. R1e2 1/2-1/2

[Event "U20ch-RUS"]
[Site "Cheboksary RUS"]
[Date "2006.03.04"]
[Round "3"]
[White "Grachev,B"]
[Black "Nepomniachtchi,I"]
[Result "1-0"]
[WhiteElo "2510"]
[BlackElo "2506"]
[EventDate "2006.03.02"]

1. Nf3 Nf6 2. c4 c5 3. Nc3 d5 4. cxd5 Nxd5 5. e4 Nb4 6. Bb5+ Bd7 7. Bc4 Be6
8. Bxe6 Nd3+ 9. Kf1 fxe6 10. Qb3 Qd7 11. Ng5 Nc6 12. Qxe6 Qxe6 13. Nxe6 Kd7
14. Ng5 Nd4 15. f3 g6 16. Nh3 Bh6 17. Nf2 c4 18. Nxd3 cxd3 19. b3 Rac8 20.
Kf2 Rhf8 21. Rd1 e6 22. Bb2 Nc2 23. Rac1 Bf4 24. g3 Bb8 25. Kg2 g5 26. Rf1
Rc6 27. Nd1 Rfc8 28. Nf2 Ra6 29. a3 Nxa3 30. Rxc8 Kxc8 31. Ra1 Bd6 32. Nxd3
Kd7 33. Kf2 Ke8 34. Ke2 Nb5 35. Rxa6 bxa6 36. Ne1 Kf7 37. Nc2 h5 38. d4 Kg6
39. Kd3 a5 40. Ne3 a6 41. Nc4 Bc7 42. Bc1 Na7 43. Bd2 Nc6 44. d5 exd5 45.
exd5 Ne5+ 46. Nxe5+ Bxe5 47. Ke4 Bc7 48. f4 g4 49. f5+ Kf7 50. Bf4 Bb6 51.
Be3 Bc7 52. Bc5 h4 53. d6 hxg3 54. hxg3 Bd8 55. Bd4 1-0

[Event "U20ch-RUS"]
[Site "Cheboksary RUS"]
[Date "2006.03.04"]
[Round "3"]
[White "Maletin,P"]
[Black "Lysyj,I"]
[Result "1-0"]
[WhiteElo "2538"]
[BlackElo "2523"]
[EventDate "2006.03.02"]

1. Nf3 Nf6 2. g3 d5 3. Bg2 c6 4. O-O Bg4 5. c4 e6 6. Qb3 Qb6 7. Qc2 Nbd7 8.
d3 dxc4 9. Qxc4 Bxf3 10. Bxf3 Ne5 11. Qf4 Nxf3+ 12. Qxf3 Be7 13. Nd2 O-O
14. Nc4 Qd8 15. Bd2 Nd5 16. Rfd1 a5 17. Rac1 Bf6 18. e4 Nb4 19. a3 Qxd3 20.
Be3 1-0

[Event "U20ch-RUS"]
[Site "Cheboksary RUS"]
[Date "2006.03.05"]
[Round "4"]
[White "Iljin,A"]
[Black "Lysyj,I"]
[Result "1/2-1/2"]
[WhiteElo "2510"]
[BlackElo "2523"]
[EventDate "2006.03.02"]

1. Nf3 Nf6 2. c4 e6 3. Nc3 c5 4. g3 b6 5. e4 Bb7 6. d3 Nc6 7. Bg2 Be7 8.
O-O O-O 9. Ng5 Ne8 10. h4 Nd4 11. f4 f5 12. Nf3 Nf6 13. Nh2 Qc8 14. Be3 d6
15. Qd2 a6 16. Rae1 Re8 17. exf5 exf5 18. Qf2 Ne6 19. Re2 Bf8 20. Rfe1 Qd7
21. Bxb7 Qxb7 22. Qf3 Qxf3 23. Nxf3 Nc7 24. d4 b5 25. dxc5 dxc5 26. Ne5 Re6
27. Bf2 Rae8 28. b3 Bd6 29. Kg2 h5 30. cxb5 axb5 31. a4 bxa4 32. bxa4 Ncd5
33. Nxd5 Nxd5 34. Rc2 Ra8 35. Nc4 Rxe1 36. Bxe1 Rxa4 37. Rd2 Rxc4 38. Rxd5
Be7 39. Rxf5 g6 40. Rd5 Kf7 41. f5 1/2-1/2

[Event "U20ch-RUS"]
[Site "Cheboksary RUS"]
[Date "2006.03.05"]
[Round "4"]
[White "Kharitonov,Alexandr"]
[Black "Geller,J"]
[Result "1/2-1/2"]
[WhiteElo "2535"]
[BlackElo "2505"]
[EventDate "2006.03.02"]

1. d4 d5 2. c4 e6 3. Nf3 Nf6 4. Bg5 c6 5. e3 h6 6. Bxf6 Qxf6 7. Nc3 g6 8.
Bd3 Bg7 9. e4 dxc4 10. Bxc4 Qe7 11. e5 O-O 12. O-O Rd8 13. Qe2 Nd7 14. Rfd1
b5 15. Bd3 Bb7 16. Be4 Rac8 17. a3 a5 18. Rab1 b4 19. Na4 bxa3 20. bxa3
Qxa3 21. Rxb7 Qxa4 22. Bc2 Qa3 23. h4 Rb8 24. Rdb1 Rxb7 25. Rxb7 c5 26. h5
1/2-1/2

[Event "U20ch-RUS"]
[Site "Cheboksary RUS"]
[Date "2006.03.06"]
[Round "5"]
[White "Grachev,B"]
[Black "Kharitonov,Alexandr"]
[Result "1/2-1/2"]
[WhiteElo "2510"]
[BlackElo "2535"]
[EventDate "2006.03.02"]

1. d4 Nf6 2. Nf3 d5 3. c4 e6 4. Nc3 dxc4 5. e3 c5 6. Bxc4 a6 7. a4 Nc6 8.
O-O Be7 9. Ne5 cxd4 10. Nxc6 bxc6 11. exd4 a5 12. Qf3 Nd5 13. Qg3 O-O 14.
Ne4 Ba6 15. b3 Kh8 16. Rd1 Nb6 17. Bxa6 Rxa6 18. Bf4 Nd5 19. Nc5 Nxf4 20.
Qxf4 Rb6 21. Qe4 Qc7 22. Rd3 Rd8 23. Rc1 Rd5 24. g3 1/2-1/2

[Event "U20ch-RUS"]
[Site "Cheboksary RUS"]
[Date "2006.03.06"]
[Round "5"]
[White "Khairullin,I"]
[Black "Iljin,A"]
[Result "1/2-1/2"]
[WhiteElo "2533"]
[BlackElo "2510"]
[EventDate "2006.03.02"]

1. e4 e5 2. Nf3 Nf6 3. Nxe5 d6 4. Nf3 Nxe4 5. Nc3 Nxc3 6. dxc3 Be7 7. Be3
Nc6 8. Qd2 O-O 9. O-O-O Ne5 10. Kb1 Re8 11. h3 Be6 12. Nd4 Nc4 13. Bxc4
Bxc4 14. g4 Qd7 15. Nf5 Bf8 16. b3 Bb5 17. f3 Bc6 18. Rhf1 b5 19. Bd4 Re6
20. h4 a5 21. h5 a4 22. h6 g6 23. Ng7 axb3 24. axb3 Bxg7 25. hxg7 f6 26. g5
Qxg7 27. Bxf6 Qf7 28. Rde1 Rae8 29. Rxe6 1/2-1/2

[Event "U20ch-RUS"]
[Site "Cheboksary RUS"]
[Date "2006.03.06"]
[Round "5"]
[White "Geller,J"]
[Black "Savchenko,B"]
[Result "1/2-1/2"]
[WhiteElo "2505"]
[BlackElo "2569"]
[EventDate "2006.03.02"]

1. e4 c5 2. Nf3 Nc6 3. d4 cxd4 4. Nxd4 g6 5. Nc3 Bg7 6. Be3 Nf6 7. Bc4 O-O
8. Bb3 a5 9. f3 d5 10. Bxd5 Nxd5 11. exd5 Nb4 12. Nde2 Bf5 13. Rc1 b5 14.
a3 Bxc2 15. Rxc2 Nxc2+ 16. Qxc2 b4 17. Na4 Qxd5 18. Nb6 Qe6 19. Kf2 Rab8
20. Nf4 Qa2 21. Qb1 Qxb1 22. Rxb1 bxa3 23. bxa3 Rfd8 24. Ne2 Rd3 25. Bc5 e6
26. a4 Bf8 27. Bxf8 Rxf8 28. Nc4 Rc8 29. Nxa5 1/2-1/2

[Event "U20ch-RUS"]
[Site "Cheboksary RUS"]
[Date "2006.03.07"]
[Round "6"]
[White "Kharitonov,Alexandr"]
[Black "Maletin,P"]
[Result "1/2-1/2"]
[WhiteElo "2535"]
[BlackElo "2538"]
[EventDate "2006.03.02"]

1. d4 Nf6 2. c4 e6 3. Nc3 Bb4 4. Qc2 c5 5. dxc5 Qc7 6. Nf3 Bxc5 7. g3 a6 8.
Bf4 d6 9. Bg2 h6 10. Rc1 e5 11. Bd2 Be6 12. Nd5 Bxd5 13. cxd5 Qb6 14. O-O
Nbd7 15. Nh4 a5 16. Bh3 Qb5 17. Rfe1 Nb6 18. e4 Nbd7 19. Nf5 Qb6 20. Be3
O-O 21. Bxc5 dxc5 22. Re3 a4 23. Rc3 Qa5 24. Qe2 Rfd8 25. Qf3 Ra6 26. a3
1/2-1/2

[Event "U20ch-RUS"]
[Site "Cheboksary RUS"]
[Date "2006.03.07"]
[Round "6"]
[White "Vitiugov,N"]
[Black "Geller,J"]
[Result "1-0"]
[WhiteElo "2573"]
[BlackElo "2505"]
[EventDate "2006.03.02"]

1. d4 d5 2. c4 c6 3. Nf3 Nf6 4. Nc3 e6 5. Bg5 dxc4 6. e4 b5 7. e5 h6 8. Bh4
g5 9. exf6 gxh4 10. Ne5 Qxf6 11. g3 Nd7 12. Qe2 c5 13. Nc6 Bb7 14. Nd5 Bxc6
15. Nxf6+ Nxf6 16. d5 Nxd5 17. Bg2 Bg7 18. a4 O-O 19. axb5 Bxb5 20. O-O a6
21. Qh5 c3 22. bxc3 Bxf1 23. Rxf1 hxg3 24. hxg3 c4 25. Bxd5 exd5 26. Qxd5
a5 27. Re1 Bxc3 28. Re4 Bg7 29. Rxc4 a4 30. Rc7 Ra6 31. Qc4 Ra5 32. Qb4
Raa8 33. Qb7 Ra5 34. Qb4 Ra6 35. Qa3 Raa8 36. Rc4 Rfd8 37. Kg2 Rd4 38. Rc7
Rdd8 39. Qf3 Rf8 40. Rxf7 Rxf7 41. Qxa8+ Bf8 42. Qxa4 Rf6 43. Qd7 Bd6 44.
f4 Kh8 45. Kh3 Kg8 46. Kg4 Kh8 47. Kh5 Kg8 48. Qe8+ Kg7 49. Qd8 Rf5+ 50.
Kg4 Rf6 51. Qd7+ Kg8 52. Kf3 Kh8 53. Ke4 Kg8 54. Qd8+ Kf7 55. Kd5 Bf8 56.
Qd7+ Kg8 57. Qe8 Kh7 58. Ke4 Kg7 59. Kd5 Kh7 60. Qh5 Kg8 61. Ke4 Bd6 62.
Qd5+ Kh7 63. Qb7+ Kg8 64. Kd5 Bf8 65. Qc7 Bg7 66. Ke4 Bf8 67. Qd8 Kf7 68.
Kf3 Bd6 69. Qh8 Bf8 70. Qh7+ Bg7 71. Kg4 Kf8 72. Kh5 Kf7 73. Qe4 Bf8 74. g4
Bg7 75. Qd5+ Ke7 76. Qb7+ Kf8 77. g5 hxg5 78. fxg5 Re6 79. g6 Re5+ 80. Kg4
Re7 81. Qc8+ 1-0

[Event "U20ch-RUS"]
[Site "Cheboksary RUS"]
[Date "2006.03.07"]
[Round "6"]
[White "Iljin,A"]
[Black "Nepomniachtchi,I"]
[Result "0-1"]
[WhiteElo "2510"]
[BlackElo "2506"]
[EventDate "2006.03.02"]

1. d4 Nf6 2. c4 g6 3. Nc3 d5 4. Bg5 Bg7 5. Bxf6 Bxf6 6. cxd5 c6 7. Rc1 Qb6
8. e3 Qxb2 9. Bc4 O-O 10. Nge2 Qb4 11. Qb3 Qa5 12. O-O Bg7 13. Nf4 Nd7 14.
Ne4 Bh6 15. dxc6 bxc6 16. Nd3 Rb8 17. Qc3 Qh5 18. Bb3 Rb6 19. Rc2 Qh4 20.
Nd2 Ba6 21. Rfc1 e6 22. Nf3 Qe7 23. Nc5 Nxc5 24. Qxc5 Qb7 25. Nd2 Bg7 26.
Qc3 Qe7 27. Qa5 Bb5 28. Rc5 Rfb8 29. a4 Ba6 30. Rxc6 Qa3 31. h3 Bf8 32. Qe5
Bd6 33. Qf6 Rxc6 0-1

[Event "U20ch-RUS"]
[Site "Cheboksary RUS"]
[Date "2006.03.07"]
[Round "6"]
[White "Safronov,A2"]
[Black "Lysyj,I"]
[Result "0-1"]
[WhiteElo "2314"]
[BlackElo "2523"]
[EventDate "2006.03.02"]

1. d4 Nf6 2. c4 e6 3. Nf3 b6 4. a3 Ba6 5. Qc2 Bb7 6. Nc3 c5 7. e4 cxd4 8.
Nxd4 Nc6 9. Nxc6 Bxc6 10. Bf4 Nh5 11. Be3 Bc5 12. Bxc5 bxc5 13. g3 f5 14.
f4 Bxe4 15. Nxe4 fxe4 16. Qxe4 Nf6 17. Qe5 Rc8 18. O-O-O O-O 19. Bh3 Qb6
20. Qc3 Rb8 21. Rhe1 Qc7 22. Rd2 Rb6 23. f5 exf5 24. Bxf5 Rd6 25. Re7 Rxd2
26. Qxd2 Qc6 27. Bxd7 Nxd7 28. Qxd7 Qh1+ 29. Kc2 Qxh2+ 30. Kb1 Qxg3 31.
Qd5+ Kh8 32. Qxc5 Qd3+ 33. Ka2 h6 34. Re3 Qf1 35. Qd4 Qf7 36. Qd5 Qxd5 37.
cxd5 Rd8 38. Rd3 g5 39. Kb3 Kg7 40. Kc4 h5 41. d6 Kf6 42. Kd5 g4 43. Kc6 h4
44. Rd4 Kf5 45. Rd5+ Kf4 46. Kc7 Rf8 47. Rh5 h3 48. d7 Kg3 49. Rf5 Ra8 50.
Rb5 h2 51. Rb8 h1=Q 52. d8=Q Qh7+ 53. Kc8 Qf5+ 54. Kb7 Qe4+ 55. Ka6 Qc6+
56. Ka5 Qb6+ 0-1

[Event "U20ch-RUS"]
[Site "Cheboksary RUS"]
[Date "2006.03.07"]
[Round "6"]
[White "Savchenko,B"]
[Black "Grachev,B"]
[Result "1/2-1/2"]
[WhiteElo "2569"]
[BlackElo "2510"]
[EventDate "2006.03.02"]

1. e4 e5 2. Nf3 Nc6 3. d4 exd4 4. Nxd4 Bc5 5. Nxc6 Qf6 6. Qd2 dxc6 7. Qf4
Be6 8. Bd3 Bb4+ 9. c3 O-O-O 10. Qg3 Bd6 11. f4 Bxf4 12. Bxf4 Rxd3 13. Qxd3
Qxf4 14. Nd2 Nf6 15. Nf3 Rd8 16. Qe2 Nxe4 17. O-O Nd2 18. Nxd2 Qxd2 19.
Qxd2 Rxd2 20. Rf2 Rd6 21. Kf1 Kd7 22. Ke1 Ke7 23. Rd2 Bd5 24. b3 Re6+ 25.
Re2 Bxg2 26. Rxe6+ Kxe6 27. Kf2 Bh3 28. Kg3 Bf5 29. Re1+ Kd7 30. Kf4 Be6
31. Rg1 g6 32. Kg5 Ke7 33. Kh6 a5 34. Kxh7 b5 35. Kh6 c5 36. Kg5 c4 37.
bxc4 Bxc4 38. Kf4 b4 39. cxb4 axb4 40. Rc1 Bxa2 41. Rxc7+ Kd6 42. Ra7 Bd5
43. Ke3 Ke5 44. Ra4 b3 45. h4 f6 46. Rg4 Bf7 47. Rb4 Be6 48. Rb8 f5 49.
Rb5+ Bd5 50. Rb4 Be6 51. Rb5+ Bd5 52. Rb4 1/2-1/2

[Event "U20ch-RUS"]
[Site "Cheboksary RUS"]
[Date "2006.03.08"]
[Round "7"]
[White "Maletin,P"]
[Black "Savchenko,B"]
[Result "1/2-1/2"]
[WhiteElo "2538"]
[BlackElo "2569"]
[EventDate "2006.03.02"]

1. Nf3 c5 2. g3 g6 3. Bg2 Bg7 4. c4 Nf6 5. d4 cxd4 6. Nxd4 O-O 7. Nc3 Nc6
8. Nc2 b6 9. O-O Bb7 10. b3 Rc8 11. Bb2 d6 12. Nd5 Nd7 13. Bxg7 Kxg7 14.
Qd2 a6 15. Rfd1 Ba8 16. Nce3 b5 17. Qb2+ Kg8 18. Rac1 bxc4 19. Nxc4 Rb8 20.
Nce3 h5 21. Qa3 Bb7 22. Nf4 Nb4 23. Bxb7 Rxb7 24. Nfd5 a5 1/2-1/2

[Event "U20ch-RUS"]
[Site "Cheboksary RUS"]
[Date "2006.03.08"]
[Round "7"]
[White "Geller,J"]
[Black "Khairullin,I"]
[Result "1/2-1/2"]
[WhiteElo "2505"]
[BlackElo "2533"]
[EventDate "2006.03.02"]

1. e4 e5 2. Nf3 Nc6 3. Bb5 a6 4. Ba4 Nf6 5. O-O Be7 6. Bxc6 dxc6 7. d3 Nd7
8. Nbd2 O-O 9. Nc4 f6 10. Nh4 Nc5 11. Nf5 Kh8 12. Nxe7 Qxe7 13. f4 exf4 14.
Rxf4 Be6 15. Ne3 Rad8 16. Bd2 Nd7 17. Bc3 Ne5 18. Qe1 c5 19. Qg3 Ng6 20.
Rf2 Qd6 21. Qf3 Ne5 22. Qh5 Nc6 23. Raf1 Nd4 24. b3 Kg8 25. Kh1 Qe5 26. Qh4
h6 27. Bxd4 cxd4 28. Nf5 Rd7 29. a4 Qc5 30. Qh5 Bxf5 31. Qxf5 Qxf5 32. Rxf5
Re8 33. g4 Re5 34. h4 Rd6 35. Kg2 Rc6 36. R1f2 Rec5 37. Rxc5 Rxc5 38. Kf3
Kf7 39. Kf4 Ke6 40. Rg2 a5 41. Rf2 c6 42. c4 Re5 1/2-1/2

[Event "U20ch-RUS"]
[Site "Cheboksary RUS"]
[Date "2006.03.08"]
[Round "7"]
[White "Grachev,B"]
[Black "Vitiugov,N"]
[Result "1/2-1/2"]
[WhiteElo "2510"]
[BlackElo "2573"]
[EventDate "2006.03.02"]

1. d4 d5 2. c4 e6 3. Nc3 c6 4. e4 dxe4 5. Nxe4 Bb4+ 6. Bd2 Qxd4 7. Bxb4
Qxe4+ 8. Be2 Na6 9. Bd6 e5 10. Nf3 Bg4 11. O-O O-O-O 12. Bd3 Qf4 13. Bxe5
Qxe5 14. Nxe5 Bxd1 15. Raxd1 Nh6 16. Bc2 g6 17. Nf3 Rhe8 18. Rxd8+ 1/2-1/2

[Event "U20ch-RUS"]
[Site "Cheboksary RUS"]
[Date "2006.03.08"]
[Round "7"]
[White "Nepomniachtchi,I"]
[Black "Safronov,A2"]
[Result "1-0"]
[WhiteElo "2506"]
[BlackElo "2314"]
[EventDate "2006.03.02"]

1. e4 e5 2. Nf3 Nf6 3. Nxe5 d6 4. Nf3 Nxe4 5. Nc3 Nxc3 6. dxc3 Be7 7. Be3
Nc6 8. Qd2 Ne5 9. O-O-O O-O 10. Kb1 Re8 11. Nd4 a6 12. f3 c5 13. Nb3 Be6
14. Qf2 Qc7 15. h3 Nc4 16. Bxc4 Bxc4 17. Qg3 Bf8 18. Bf4 Rad8 19. Nd2 Bd5
20. Nf1 Qc6 21. Ne3 Be6 22. Ng4 Kh8 23. Bg5 Be7 24. Bxe7 Rxe7 25. Qh4 Ree8
26. Rhe1 Qa4 27. b3 Qf4 28. Re4 Qf5 29. Rde1 f6 30. Nf2 Bf7 31. Re7 Bg6 32.
Nd3 b5 33. Rxe8+ Rxe8 34. Rxe8+ Bxe8 35. Qe1 Qd7 36. Nf4 g5 37. Nd5 Kg7 38.
g4 Bf7 39. Ne3 Be6 40. f4 gxf4 41. Ng2 Bf7 42. Nxf4 Qe8 43. Qd2 Qe5 44. Nd3
Qg3 45. Nf4 Qf3 46. Kb2 d5 47. b4 cxb4 48. cxb4 Qe4 49. c3 Qc4 50. Qd4 Qxd4
51. cxd4 Kf8 52. Kc3 Ke7 53. Kd2 Kd6 54. Ke3 Kc6 55. Nd3 Be6 56. Kf4 h6 57.
Nf2 Kb6 58. Nd1 a5 59. a3 axb4 60. axb4 1-0

[Event "U20ch-RUS"]
[Site "Cheboksary RUS"]
[Date "2006.03.09"]
[Round "8"]
[White "Khairullin,I"]
[Black "Grachev,B"]
[Result "1/2-1/2"]
[WhiteElo "2533"]
[BlackElo "2510"]
[EventDate "2006.03.02"]

1. e4 e5 2. Nf3 Nf6 3. Nxe5 d6 4. Nf3 Nxe4 5. Nc3 Nxc3 6. dxc3 Be7 7. Bf4
O-O 8. Qd2 Nd7 9. O-O-O Nc5 10. Be3 a6 11. Kb1 b6 12. Nd4 Bb7 13. f3 Re8
14. g4 Ne6 15. Bg2 Nxd4 16. cxd4 Bd5 17. f4 Bxg2 18. Qxg2 d5 19. f5 Bh4 20.
Bf4 Re4 21. Rhf1 Qd7 22. Be5 f6 23. Bf4 h6 24. Qh3 Bg5 25. Qg3 Bxf4 26.
Rxf4 Rae8 27. Rxe4 Rxe4 28. h3 a5 29. b3 Qe7 30. Qc3 Qd6 31. a4 Kf8 32. Kb2
Ke7 33. Re1 Qf4 34. Rxe4+ dxe4 35. Qc6 e3 36. Kc3 Qf2 37. Qxc7+ Kf8 38.
Qc8+ Kf7 39. Qe6+ Kf8 40. Qc8+ 1/2-1/2

[Event "U20ch-RUS"]
[Site "Cheboksary RUS"]
[Date "2006.03.09"]
[Round "8"]
[White "Kharitonov,Alexandr"]
[Black "Nepomniachtchi,I"]
[Result "1/2-1/2"]
[WhiteElo "2535"]
[BlackElo "2506"]
[EventDate "2006.03.02"]

1. Nf3 Nf6 2. c4 g6 3. Nc3 d5 4. cxd5 Nxd5 5. Qa4+ Bd7 6. Qh4 Nxc3 7. dxc3
Nc6 8. e4 e5 9. Bg5 Be7 10. Bc4 h6 11. Bxe7 Qxe7 12. Qg3 O-O-O 13. O-O g5
14. Rfd1 f6 15. Nd2 Be6 16. b3 Rd7 17. Bxe6 Qxe6 18. Nc4 Rhd8 19. Qf3 g4
20. Qe2 h5 21. Ne3 Ne7 22. Rxd7 Rxd7 23. Rd1 Rxd1+ 24. Qxd1 Qc6 25. Qd3 a5
26. g3 b6 27. h3 gxh3 28. Kh2 Kb7 29. Kxh3 Qe6+ 30. Kh2 Qf7 31. Qd7 Qf8 32.
Kh3 Kb8 33. a4 Nc8 34. Nd5 Qc5 35. Qd8 Kb7 36. Qxf6 Nd6 37. Qf3 Qa3 38. c4
Qc1 39. Nf6 Nf7 40. Kg2 h4 41. gxh4 Qh6 42. Nh5 Nh8 43. Kh3 Qc1 44. Qf5
Qh1+ 45. Kg4 Qd1+ 46. f3 Qxb3 47. Qf6 Qxa4 48. Qxh8 Qd7+ 49. Kg5 a4 50.
Qxe5 a3 51. Nf6 Qd2+ 52. Kf5 Qb2 53. Qd5+ Ka7 54. Ne8 Qh8 55. Qc6 Qh5+ 56.
Kf4 Qxh4+ 57. Ke3 Qe1+ 58. Kf4 Qh4+ 59. Ke3 Qe1+ 60. Kf4 1/2-1/2

[Event "U20ch-RUS"]
[Site "Cheboksary RUS"]
[Date "2006.03.09"]
[Round "8"]
[White "Savchenko,B"]
[Black "Lysyj,I"]
[Result "1-0"]
[WhiteElo "2569"]
[BlackElo "2523"]
[EventDate "2006.03.02"]

1. Nf3 Nf6 2. c4 e6 3. Nc3 d5 4. d4 Be7 5. Bg5 O-O 6. e3 h6 7. Bh4 b6 8.
cxd5 exd5 9. Bd3 Bb7 10. O-O Ne4 11. Bxe7 Qxe7 12. Qc2 Rc8 13. Ne5 Nd6 14.
f4 c5 15. Rae1 b5 16. dxc5 Rxc5 17. Qe2 Nd7 18. Nf3 b4 19. Nb5 Nxb5 20.
Bxb5 Nf6 21. Nd4 Ne4 22. Bd3 a5 23. Rc1 Rac8 24. Rc2 Rxc2 25. Bxc2 Qd6 26.
Rd1 Ba6 27. Qe1 Qf6 28. Bxe4 dxe4 29. Rc1 Rc4 30. Rxc4 Bxc4 31. b3 Bd3 32.
Qc1 g5 33. Qc6 Kg7 34. Kf2 Bb1 35. Qc1 Bd3 36. Qc7 Bb1 37. f5 a4 38. Qa5
axb3 39. axb3 Bd3 40. Qxb4 Qe5 41. Qc3 Kh7 42. g3 h5 43. b4 Qd5 44. Qb2 Qa8
45. b5 Qa4 46. Ke1 Qa5+ 47. Kd1 Qa4+ 48. Ke1 Qa5+ 49. Kf2 Qa4 50. Kg2 Qd1
51. Qf2 f6 52. h4 g4 53. b6 Qb1 54. Ne6 Qxb6 55. Nf4 Kh6 56. Nd5 Qc6 57.
Qf4+ Kg7 58. Qc7+ Qxc7 59. Nxc7 Bc4 60. Ne8+ 1-0

[Event "U20ch-RUS"]
[Site "Cheboksary RUS"]
[Date "2006.03.09"]
[Round "8"]
[White "Vitiugov,N"]
[Black "Maletin,P"]
[Result "1-0"]
[WhiteElo "2573"]
[BlackElo "2538"]
[EventDate "2006.03.02"]

1. d4 Nf6 2. c4 e6 3. Nf3 Bb4+ 4. Bd2 a5 5. Nc3 d5 6. e3 O-O 7. Bd3 b6 8.
O-O Bb7 9. Rc1 Nbd7 10. a3 Be7 11. Qe2 Ne4 12. Rfd1 f5 13. Be1 c6 14. Qc2
Kh8 15. Ne5 Nxe5 16. dxe5 Qb8 17. Na4 Qa7 18. cxd5 exd5 19. Nc3 Qb8 20. f4
Bc5 21. Qe2 a4 22. Na2 Qa7 23. Bb4 Ba6 24. Nc3 Bxd3 25. Qxd3 b5 26. Bxc5
Nxc5 27. Qd4 Nb3 28. Qxa7 Rxa7 29. Rc2 Rd7 30. Ne2 c5 31. Nc1 c4 32. Nxb3
axb3 33. Rcd2 Rfd8 34. e6 Re7 35. Rxd5 Rxd5 36. Rxd5 g6 37. Rxb5 Rxe6 38.
Kf2 Rc6 39. Ke2 c3 40. bxc3 Rxc3 41. a4 Kg7 42. Rb7+ Kh6 43. h3 Rc4 44.
Rxb3 Rxa4 45. Rb7 g5 46. fxg5+ Kxg5 47. Rxh7 f4 48. Rg7+ 1-0

[Event "U20ch-RUS"]
[Site "Cheboksary RUS"]
[Date "2006.03.10"]
[Round "9"]
[White "Maletin,P"]
[Black "Khairullin,I"]
[Result "1/2-1/2"]
[WhiteElo "2538"]
[BlackElo "2533"]
[EventDate "2006.03.02"]

1. Nf3 Nf6 2. g3 d5 3. Bg2 c6 4. c4 Bg4 5. Ne5 Be6 6. cxd5 Bxd5 7. Nf3 c5
8. Nc3 Bc6 9. O-O g6 10. Qb3 Qb6 11. Qc2 Nbd7 12. a4 Bg7 13. a5 Qc7 14. d4
cxd4 15. Nb5 Qb8 16. Bf4 e5 17. Nxe5 Nxe5 18. Bxe5 Qxe5 19. Bxc6+ bxc6 20.
Qxc6+ Ke7 21. Qb7+ Nd7 22. Nxa7 Rxa7 23. Qxa7 Qd5 24. a6 Be5 25. Rfc1 Rb8
26. e4 Qb5 27. Rc2 1/2-1/2